000 00458nam a2200169Ia 4500
003 OSt
005 20260303153826.0
008 211028s2005 xx 000 0 und d
040 _cAIMIT LIBRARY
041 _aeng
100 _aD Souza, Ajit James;Jacob, A V.
_g299752
_92416
110 _aJacob, A V.
_92417
245 _aSkills tracker /
260 _aBangalore
_c2005
710 _aHewlett Packard Global Delivery India Center
_92418
942 _2ddc
_cPRO
999 _c216890
_d216890